African country population less than 8 million - Statistics

General Stats
  • This quiz has been taken 33 times
  • The average score is 19 of 21
Answer Stats
Population Country % Correct
560,349 Cape Verde
100%
2,228,075 Gambia
100%
213,379 Sao Tome & Principe
100%
850,910 Comoros
97%
2,109,099 Gabon
97%
2,292,682 Lesotho
97%
1,271,368 Mauritius
97%
7,883,123 Sierra Leone
97%
2,374,636 Botswana
93%
985,690 Djibouti
93%
1,360,104 Equatorial Guinea
93%
1,415,414 Eswatini
93%
1,953,723 Guinea-Bissau
93%
4,977,720 Liberia
93%
95,702 Seychelles
93%
2,641,996 Namibia
90%
4,825,711 Central African Republic
86%
5,309,659 Eritrea
83%
5,542,197 Congo
79%
4,661,149 Mauritania
76%
6,569,864 Libya
66%
No matching quizzes found
Score Distribution
Percent of People with Each Score
Percentile by Number Answered
Your Score History
You have not taken this quiz